000 02610cam a22004574i 4500
003 PE-LiUPU
005 20250731173336.0
008 150706s r 000 0 d
020 _a9780664230661
035 _a(Sirsi) i9780664230661
040 _aPE-LiUPU
_bspa
_cPE-LiUPU
_erda
049 _aPRUA
082 0 4 _a241.22
_bCh
_221
245 0 1 _aCharacter ethics and the New Testament :
_bmoral dimensions of scripture /
_cedited by Robert L. Brawley.
264 1 _aLouisville, London :
_bWestminster John Knox Press,
_c2007.
300 _a269 páginas ;
_c23 centímetros
336 _atext
_2rdacontent
337 _aunmediated
_2rdamedia
338 _avolume
_2rdacarrier
505 0 _aDoes suffering possess educational value in Mark's gospel? -- Scripture as script and as scripted: the Beatitudes -- The reorienting potential of biblical narrative for Christian ethos, with special reference to Luke 7:36-50 -- Generating ethics from God's character in Mark -- Paul, Job, and the new quest for justice -- Freeing exegesis -- Identity and metaethics: being justified and ethics in Galatians -- "These things are excellent and profitable to everyone" (Titus 3:8): the kindness of God as paradigm for ethics -- If your enemy is hungry: love and subversive politics in Romans 12-13 -- Toward a nonretaliatory lifestyle: the Psalms, the cross, and the Gospel -- Reading the Bible from a social location: a response -- Political formation in the letter to the Romans -- Justification of difference in Galatians -- "If any want to become my followers": character and political formations via the Gospel of Mark -- Peacemaking pillars of character formation in the New Testament -- The Beatitudes as eschatological peacemaking virtues.
526 _aSEG42
526 _aSEG41
526 _aSEG40
526 _aSEG39
526 _aP94
526 _aP87
526 _aP86
526 _aP85
526 _aP77
526 _aP76
526 _aP35
541 _g104-3776787-4588217;
630 _aBibia.
_pN.T.
_xCrítica, interpretación, etc.
700 1 _aBrawley, Robert L.,
_eed.
910 _agl
_bjv
_clch
_d20090806
942 _2ddc
_cBOOK
949 _a241.22 CH 2
_wDEWEY
_c1
_i59779
_lCCODEBUL1
_mBUL
_p23.00
_r0
_sY
_tBOOK
_u2015-7-6
_xTEOLOGIA
_PP85
_0COMPRA
_o.STAFF. Colección General
994 _aC0
_bPEPRU
596 _a1
999 _a241.22 CH 2
_wDEWEY
_c49312
_i59779
_f2021-11-10
_g5
_lCCODEBUL1
_mBUL
_p23.00
_r0
_sY
_tBOOK
_u2015-7-6
_xTEOLOGIA
_PP85
_0COMPRA
_o.STAFF. Colección General
_d49312
980 _81
_gALBERTO SANCHEZ Responsable de Automatización